默想式生命讀經 (Record no. 35012)
[ view plain ]
| 000 -LEADER | |
|---|---|
| fixed length control field | 00745nam a2200193 4500 |
| 008 - FIXED-LENGTH DATA ELEMENTS--GENERAL INFORMATION | |
| fixed length control field | 101124s2010 pau 000 0 chi |
| 020 ## - INTERNATIONAL STANDARD BOOK NUMBER | |
| International Standard Book Number | 9781882324699 : |
| Terms of availability | gift |
| 090 ## - LOCALLY ASSIGNED LC-TYPE CALL NUMBER (OCLC); LOCAL CALL NUMBER (OCLC) | |
| Classification number (OCLC) (R) ; Classification number, CALL (RLIN) (NR) | BV4813 |
| Local cutter number (OCLC) ; Book number/undivided call number, CALL (RLIN) | C42 |
| -- | 2010 |
| -- | c.2 |
| 100 1# - MAIN ENTRY--PERSONAL NAME | |
| Personal name | 陳興蘭 Chen, Hsin-Lan Lai |
| 245 10 - TITLE STATEMENT | |
| Title | 默想式生命讀經 |
| 246 10 - VARYING FORM OF TITLE | |
| Title proper/short title | The art of meditating the word of God {ch} / |
| -- | Hsin-Lan Lai Chen; Timothy Su chief editor |
| 260 ## - PUBLICATION, DISTRIBUTION, ETC. (IMPRINT) | |
| Place of publication, distribution, etc | Paradise, PA : |
| Name of publisher, distributor, etc | 基督使團協會 Ambassador for Christ Inc., |
| Date of publication, distribution, etc | 2010 |
| 300 ## - PHYSICAL DESCRIPTION | |
| Extent | 460 p. ; |
| Dimensions | 27 cm. |
| 650 #4 - SUBJECT ADDED ENTRY--TOPICAL TERM | |
| Topical term or geographic name as entry element | 聖經論叢/讀經法 Bible |
| General subdivision | Meditations {ch} |
| 650 #4 - SUBJECT ADDED ENTRY--TOPICAL TERM | |
| Topical term or geographic name as entry element | Meditation |
| General subdivision | Christianity {ch} |
| 951 ## - EQUIVALENCE OR CROSS-REFERENCE-GEOGRAPHIC NAME/AREA NAME [OBSOLETE] [CAN/MARC only] | |
| General subdivision | 00039709 |
| 700 1# - ADDED ENTRY--PERSONAL NAME | |
| Personal name | Su, Timothy |
| 951 ## - EQUIVALENCE OR CROSS-REFERENCE-GEOGRAPHIC NAME/AREA NAME [OBSOLETE] [CAN/MARC only] | |
| -- | C-10044 |
| -- | CHBV4813/C42/2010/c.2 |
| -- | 101124170438485 |
| -- | 2000-12-21 |
| -- | CH |
| Withdrawn status | Lost status | Damaged status | Not for loan | Home library | Current library | Shelving location | Date acquired | Accession number | Shelving control number | Total Checkouts | Full call number | Barcode | Date last seen | Price effective from | Koha item type | Source of classification or shelving scheme | Copy number |
|---|---|---|---|---|---|---|---|---|---|---|---|---|---|---|---|---|---|
| BSOP Library | BSOP Library | Chinese Books (General Circulation) | 12/21/2000 | C-10044 | 127 | CHBV4813/C42/2010/c.2 | 00039709 | 02/23/2013 | 02/23/2013 | Books | |||||||
| BSOP Library | BSOP Library | Chinese Books (General Circulation) | 07/02/2015 | C-13613 | CH BV4813 C42 2010 c.3 | 00046013 | 07/02/2015 | 07/02/2015 | Books | Library of Congress Classification | c.3 |
